1404 1538 1415 1923 1760 1592 1864 1700 1233 1376 1959 1703 1523 1532 1007 1175 1414 1324 1622 1289 1718 1402 1456 1418 1227 1668 1090 1016 1589 1706 1888 1007 1595 1131 1578 1598 1302 1876 1103 1449 1088 1518 1488 1792 1083 1673 1379 1272 1011 1190 1825 1884 1790 1886 1054 1223 1451 1321 1275 1016 1610 1328 1370 1963 1004 1972 1942 1956 1615 1623 1176 1812 1588 1567 1244 1221 1273 1844 1150 1024 1959 1983 1851 1631 1781 1135 1100 1585 1078 1551 1736 1177 1320 1652 1826 1625 1673 1685 1546 BCNSPRNW ULIB Ver.6.0+V

เปลี่ยนเป็นภาษาไทย

Change to English
 แสดงรายละเอียดบรรณานุกรม
  กลับหน้าหลัก

Brief Record : Get Marc (ISO 2709) : E-mail record : QR code < ปิดหน้าต่าง
LEADER : 00000nam 2200000uu 4500
001    13399108799
003     ULIB
008    110315s2544||||th 000 0 tha d
020    9746113488 (ล.1)
060 04 WY150^bม264ก 2544 ล.1
245 10 กรณีเลือกสรรการพยาบาลเพื่อการฟื้นฟูสภาพ หน่วยที่ 1- 5 =^bSelected casestudy on rehabilitation nursing /^cลั่นทม เศรษฐกร ... [และคนอื่นฯ]
246 31 Selected case study on rehabilitation nursing
250    พิมพ์ครั้งที่ 2
260    [นนทบุรี] :^bสาขาวิชาวิทยาศาสตร์สุขภาพมหาวิทยาลัยสุโขทัยธรรมาธิราช,^c2544
300    หน่วยที่ 1-5 = 388 หน้า :^bภาพประกอบ ;^c30 ซม.
500    "เอกสารการสอนชุดวิชา 51404 หน่วยที่ 1-5, 6-10, 11-15"--หน้าปกใน
591     2544 (พิมพ์ครั้งที่ 13)
650  7 การฟื้นฟูสมรรถภาพ^xการพยาบาล
700 0  ลั่นทม เศรษฐกร
710 2  มหาวิทยาลัยสุโขทัยธรรมาธิราช. ^bสาขาวิชาวิทยาศาสตร์สุขภาพ
945    ^p245^l0^i022706
945    ^p245^l0^i022705
945    ^p245^l0^i022704
945    ^p245^l0^i022703
945    ^p245^l0^i018930
995    เกษร
999 ^a ใช้งานได้ทุกระบบ
รายการนี้ยังไม่มีแท็ก
คุณยังไม่ได้ล็อกอิน คุณสามารถมีกิจกรรมร่วมกับเว็บไซต์ได้ แต่ต้องล็อกอินก่อน ::
  ล็อกอิน

รายการสื่อสารสนเทศ

ลำดับที่ ประเภท เลขเรียก/บาร์โค้ด สถานที่ สถานะ
- ไม่พบข้อมูล -

BibComment


ยังไม่เคยถูกคอมเมนท์

คอมเมนท์ทรัพยากรรายการนี้
  คอมเมนท์: กรณีเลือกสรรการพย..


 Copyright 2026. Bcnsprnw @Library